00498nam a2200133Ia 4500008004100000100002000041245006500061245008200126260005300208260001900261300000800280650001500288856006100303170221s9999 xx 000 0 und d aNoraini Nasirun 2aA Predictive ‘Quality of Use’ Model in Blended Learning  cNoraini Nasirun, Sarina Muhamad Noor, Rushamie Zien Yusoff, Abdul Aziz Othman bInternational Review of Management and Marketing cSeptember 2016 a5:3 xMarketing. uhttp://www.econjournals.com/index.php/irmm/issue/view/91